| 000 | 00353nam a22001217a 4500 | ||
|---|---|---|---|
| 082 |
_a346.540436 _bTRA |
||
| 245 |
_aThe Transfer of Property Act, 1882: _b[IV of 1882] / _cBare Act |
||
| 260 |
_aLahore : _bIrfan Law Book House, _c2024. |
||
| 300 | _a64 p. | ||
| 563 | _aPB. | ||
| 650 |
_aLaw, The Transfer of Property Act, 1882 _9128288 |
||
| 942 |
_2ddc _cBK |
||
| 999 |
_c613318 _d613318 |
||